<?xml version="1.0" encoding="UTF-8"?>
<record
    xmlns:xsi="http://www.w3.org/2001/XMLSchema-instance"
    xsi:schemaLocation="http://www.loc.gov/MARC21/slim http://www.loc.gov/standards/marcxml/schema/MARC21slim.xsd"
    xmlns="http://www.loc.gov/MARC21/slim">

  <leader>00947cas a22002537a 4500</leader>
  <datafield tag="999" ind1=" " ind2=" ">
    <subfield code="c">6977</subfield>
    <subfield code="d">6977</subfield>
  </datafield>
  <controlfield tag="003">OSt</controlfield>
  <controlfield tag="005">20231121103935.0</controlfield>
  <controlfield tag="008">161124c20079999sp uu p|||||| 0|| b|cat|d</controlfield>
  <datafield tag="022" ind1=" " ind2=" ">
    <subfield code="a">2013-3782</subfield>
    <subfield code="l">2013-3782</subfield>
  </datafield>
  <datafield tag="040" ind1=" " ind2=" ">
    <subfield code="b">cat</subfield>
    <subfield code="c">CDMR</subfield>
  </datafield>
  <datafield tag="245" ind1="0" ind2="0">
    <subfield code="a">Observatori de la Producci&#xF3; Audiovisual</subfield>
    <subfield code="h">[Recurs electr&#xF2;nic] </subfield>
    <subfield code="c">Universitat Pompeu Fabra</subfield>
  </datafield>
  <datafield tag="246" ind1="1" ind2="3">
    <subfield code="a">OPA</subfield>
    <subfield code="h">[Recurs electr&#xF2;nic]</subfield>
  </datafield>
  <datafield tag="260" ind1=" " ind2=" ">
    <subfield code="a">Barcelona :</subfield>
    <subfield code="b">UNICA,</subfield>
    <subfield code="c">[2007]-</subfield>
  </datafield>
  <datafield tag="310" ind1=" " ind2=" ">
    <subfield code="a">Periodicitat desconeguda</subfield>
  </datafield>
  <datafield tag="362" ind1="0" ind2=" ">
    <subfield code="a">Gen. 2007-</subfield>
  </datafield>
  <datafield tag="500" ind1=" " ind2=" ">
    <subfield code="a">Descripci&#xF3; del recurs: 7 jul. 2010</subfield>
  </datafield>
  <datafield tag="546" ind1=" " ind2=" ">
    <subfield code="a">Disponibles les edicions en altres lleng&#xFC;es</subfield>
  </datafield>
  <datafield tag="650" ind1=" " ind2="7">
    <subfield code="a">Audiovisuals</subfield>
    <subfield code="z">Catalunya</subfield>
    <subfield code="x">Revistes</subfield>
    <subfield code="2">lemac</subfield>
  </datafield>
  <datafield tag="655" ind1=" " ind2="4">
    <subfield code="a">Revistes electr&#xF2;niques</subfield>
  </datafield>
  <datafield tag="710" ind1="2" ind2=" ">
    <subfield code="a">Universitat Pompeu Fabra.</subfield>
    <subfield code="b">Unitat d'Investigaci&#xF3; en Comunicaci&#xF3; Audiovisual</subfield>
  </datafield>
  <datafield tag="752" ind1=" " ind2=" ">
    <subfield code="a">Catalunya</subfield>
    <subfield code="b">Barcelona (Prov&#xED;ncia)</subfield>
    <subfield code="c">Barcelon&#xE8;s</subfield>
    <subfield code="d">Barcelona</subfield>
  </datafield>
  <datafield tag="856" ind1="4" ind2="0">
    <subfield code="z">Acc&#xE9;s lliure</subfield>
    <subfield code="u">https://www.upf.edu/web/opa/estudis</subfield>
  </datafield>
  <datafield tag="942" ind1=" " ind2=" ">
    <subfield code="c">SER-E</subfield>
    <subfield code="2">udc</subfield>
  </datafield>
  <datafield tag="952" ind1=" " ind2=" ">
    <subfield code="0">0</subfield>
    <subfield code="1">0</subfield>
    <subfield code="4">0</subfield>
    <subfield code="7">0</subfield>
    <subfield code="a">CDMR</subfield>
    <subfield code="b">CDMR</subfield>
    <subfield code="d">2016-11-24</subfield>
    <subfield code="l">0</subfield>
    <subfield code="r">2016-11-24</subfield>
    <subfield code="w">2016-11-24</subfield>
    <subfield code="y">SER-E</subfield>
  </datafield>
</record>
